LDR 00700naa#a2200181#i#450# 001 RU\\bibl\119820 005 20260502135530.6 011 ## _a0320-3557 100 ## _a20251220b2025####ek#y0rusy0150####ca 101 0# _aENG 102 ## _aRU 200 1# _aНОВЫЕ НАХОДКИ VAUCHERIA (XANTHOPHYCEAE) В МОНГОЛИИ _eЖурнальная статья 210 1# _aБорок _cИнститут биологии внутренних вод им. И.Д. Папанина РАН _d2025 215 ## _a4 с. 608 ## _aЖурнальная статья _2local 675 ## _aHETEROCONTAE. ЖЕЛТО-ЗЕЛЕНЫЕ ВОДОРОСЛИ. 582.259 _zENG 700 #1 _aВишняков _gВ. С. 856 4# _aibiw.editorum.ru _u